000 00305nam a2200133Ia 4500
008 191201s2009 xx 000 0 und d
100 _aCASE, Karl.E
245 0 _aPrinciples of Economics
250 _aIMP 2nd
260 _aN.Delhi
_bPearson
_c2009
300 _a784+51
650 _aMBA
942 _2ddc
_cBK
999 _c4133
_d4133